[Event "Agneaux St Lo op 09th"]
[Site "Agneaux"]
[Date "2005.02.16"]
[Round "1"]
[White "Rosi, Andrea"]
[Black "Auvray, Simon"]
[Result "1/2-1/2"]
[WhiteElo "1580"]
[BlackElo "1730"]
[PlyCount "47"]
[EventDate "2005.02.16"]
[EventType "swiss"]
[EventRounds "6"]
[EventCountry "FRA"]
[SourceTitle "EXT 2006"]
[Source "ChessBase"]
[SourceDate "2005.11.24"]
[SourceVersion "1"]
[SourceVersionDate "2005.11.24"]
[SourceQuality "1"]

1. e4 e5 2. Nf3 Nf6 3. Nc3 Bb4 4. d3 d5 5. Bd2 Bg4 6. Be2 Nc6 7. exd5 Nxd5 8. Nxd5 Bxd2+ 9. Qxd2 Qxd5 10. Qg5 Bd7 11. Qxg7 0-0-0 12. Qh6 Rdg8 13. g3 Rg6 14. Qd2 Bg4 15. c4 Qc5 16. Nh4 Bxe2 17. Qxe2 Rf6 18. Rf1 Nd4 19. Qd2 Rg8 20. 0-0-0 Rd8 21. f4 e4 22. Kb1 Nc6 23. Qe2 exd3 24. Rxd3 1/2-1/2